00729nam a2200217Ia 4500003000400000008004100004040001600045082001500061100002000076245012600096700002000222260005100242300001000293650001400303650002500317650002000342650002500362942001200387999001700399952009500416GCL140319s9999 xx 000 0 eng d aGCL / cGCL04a338.9bC P1 aCOALE, ANSLEY J10aPOPULATION GROWTH AND ECONOMIC DEVELOPMENT IN LOW INCOME COUNTRIES: A CASE STUDY OF INDIA'S PROSPECTS / cCOALE, ANSLEY J1 aHOOVER, EDGAR M a[S.N] : bPRINCETON UNIVERSITY PRESS ، c1996 a389 P04aECONOMICS04aECONOMIC DEVELOPMENT04aECONOMIC GROWTH04aLOW INCOME COUNTRIES 2ddccBK c15269d15269 00104070aCAIbCAId2014-03-26l0o338.9\C Pp28338r2014-03-26 00:00:00w2014-03-26yBK